000
00280nam a22001217a 4500
040
_c
RUA
082
_a
RUA AFR 2013 C160 Or.
100
_a
AFRICARICE,
245
_a
Rice Today, The Birds Of IRRI.
260
_a
PHNOM PENH
_b
RUA
_c
2013
300
_a
42p.
_b
ill.
_c
29cm.
942
_c
REC
999
_c
25523
_d
25523